[Event "World Team Chess Championship"]
[Site "Khanty-Mansiysk, RUS."]
[Date "2017.06.21"]
[Round "5.2"]
[White "Kovalev Vladislav (BLR)"]
[Black "Onischuk Alexander (USA)"]
[Result "1/2-1/2"]
[BlackElo "2685"]
[WhiteElo "2641"]
[LiveChessVersion "1.4.8"]

1. d4 {[%clk 1:30:22]} Nf6 {[%clk 1:30:04]} 2. Nf3 {[%clk 1:29:55]} d5
{[%clk 1:30:06]} 3. Bf4 {[%clk 1:30:01]} c5 {[%clk 1:28:38]} 4. e3
{[%clk 1:30:08]} Nc6 {[%clk 1:28:19]} 5. Nc3 {[%clk 1:22:42]} Bg4
{[%clk 1:06:53]} 6. Be2 {[%clk 1:13:41]} e6 {[%clk 1:05:16]} 7. O-O
{[%clk 0:58:40]} Bxf3 {[%clk 1:02:12]} 8. Bxf3 {[%clk 0:59:05]} cxd4
{[%clk 1:02:17]} 9. exd4 {[%clk 0:59:06]} Bd6 {[%clk 1:02:10]} 10. Be3
{[%clk 0:51:56]} a6 {[%clk 0:59:41]} 11. Ne2 {[%clk 0:51:07]} Qc7
{[%clk 0:55:45]} 12. g3 {[%clk 0:51:06]} O-O {[%clk 0:53:31]} 13. Nc1
{[%clk 0:42:16]} b5 {[%clk 0:44:57]} 14. Nd3 {[%clk 0:42:26]} b4 {[%clk 0:44:16]}
15. Kg2 {[%clk 0:38:22]} Rfc8 {[%clk 0:40:23]} 16. Qe2 {[%clk 0:30:38]} Qb6
{[%clk 0:38:49]} 17. Rfc1 {[%clk 0:29:00]} Na5 {[%clk 0:35:01]} 18. b3
{[%clk 0:27:33]} Nc6 {[%clk 0:34:00]} 19. Qd1 {[%clk 0:26:57]} Ne7
{[%clk 0:32:57]} 20. a3 {[%clk 0:27:00]} a5 {[%clk 0:29:25]} 21. axb4
{[%clk 0:27:11]} axb4 {[%clk 0:29:26]} 22. Rxa8 {[%clk 0:26:05]} Rxa8
{[%clk 0:29:50]} 23. Ra1 {[%clk 0:24:45]} Rc8 {[%clk 0:25:03]} 24. Ra2
{[%clk 0:25:08]} Nf5 {[%clk 0:24:42]} 25. Qa1 {[%clk 0:24:44]} Nxe3+
{[%clk 0:23:19]} 26. fxe3 {[%clk 0:25:11]} g6 {[%clk 0:21:39]} 27. Nc5
{[%clk 0:22:09]} Qd8 {[%clk 0:16:44]} 28. Nb7 {[%clk 0:13:29]} Qc7
{[%clk 0:16:34]} 29. Nxd6 {[%clk 0:12:57]} Qxd6 {[%clk 0:16:47]} 30. Ra8
{[%clk 0:12:53]} Qc6 {[%clk 0:16:09]} 31. Rxc8+ {[%clk 0:13:20]} Qxc8
{[%clk 0:16:31]} 32. Qd1 {[%clk 0:13:42]} h5 {[%clk 0:13:09]} 33. Qd2
{[%clk 0:13:51]} Qc7 {[%clk 0:12:47]} 34. Kf1 {[%clk 0:12:11]} Kg7
{[%clk 0:12:32]} 35. Ke1 {[%clk 0:11:54]} Qa5 {[%clk 0:12:36]} 36. Qc1
{[%clk 0:10:30]} g5 {[%clk 0:08:10]} 37. Kd2 {[%clk 0:10:11]} g4 {[%clk 0:07:19]}
38. Bg2 {[%clk 0:10:30]} h4 {[%clk 0:06:37]} 39. Qf1 {[%clk 0:04:46]} h3
{[%clk 0:01:12]} 40. Bh1 {[%clk 0:35:12]} Qc7 {[%clk 0:31:34]} 41. Qd3
{[%clk 0:33:50]} Qc6 {[%clk 0:29:52]} 42. Kc1 {[%clk 0:31:29]} Kf8
{[%clk 0:27:47]} 43. Kb2 {[%clk 0:31:31]} Ke7 {[%clk 0:27:27]} 44. Qd2
{[%clk 0:29:56]} Qb5 {[%clk 0:27:06]} 45. Qe1 {[%clk 0:29:38]} Qb6
{[%clk 0:23:20]} 46. Qe2 {[%clk 0:29:08]} Qc7 {[%clk 0:22:53]} 47. Qd2
{[%clk 0:23:26]} Qd6 {[%clk 0:21:03]} 48. Qe2 {[%clk 0:16:40]} e5
{[%clk 0:19:25]} 49. dxe5 {[%clk 0:16:58]} Qxe5+ {[%clk 0:19:48]} 50. Kb1
{[%clk 0:17:14]} d4 {[%clk 0:15:55]} 51. e4 {[%clk 0:13:37]} Qg5 {[%clk 0:08:26]}
52. Qc4 {[%clk 0:11:56]} Qd2 {[%clk 0:06:07]} 53. Qc5+ {[%clk 0:12:22]} Kd8
{[%clk 0:05:28]} 54. Qb6+ {[%clk 0:11:45]} Ke7 {[%clk 0:05:47]} 55. Qc5+
{[%clk 0:11:48]} Kd8 {[%clk 0:06:11]} 56. Qa5+ {[%clk 0:11:48]} Kc8
{[%clk 0:05:36]} 57. Qa6+ {[%clk 0:06:32]} Kc7 {[%clk 0:03:54]} 58. Qxf6
{[%clk 0:05:46]} Qe1+ {[%clk 0:04:18]} 59. Kb2 {[%clk 0:06:03]} Qc3+
{[%clk 0:04:20]} 60. Kb1 {[%clk 0:06:32]} Qe1+ {[%clk 0:04:42]} 61. Ka2
{[%clk 0:06:57]} Qxh1 {[%clk 0:05:08]} 62. Qxf7+ {[%clk 0:07:19]} Kb6
{[%clk 0:05:27]} 63. Qe6+ {[%clk 0:07:32]} Kc7 {[%clk 0:03:57]} 64. Qc4+
{[%clk 0:07:49]} Kd7 {[%clk 0:03:17]} 65. Qxd4+ {[%clk 0:08:14]} Ke8
{[%clk 0:03:15]} 66. Qe5+ {[%clk 0:08:23]} Kd7 {[%clk 0:03:22]} 67. Qf5+
{[%clk 0:07:42]} Kc7 {[%clk 0:03:20]} 68. Qf7+ {[%clk 0:07:21]} Kc6
{[%clk 0:02:37]} 69. Qe6+ {[%clk 0:06:48]} Kc7 {[%clk 0:02:58]} 70. Qe7+
{[%clk 0:05:06]} Kc6 {[%clk 0:02:58]} 71. e5 {[%clk 0:04:44]} Qxh2
{[%clk 0:02:58]} 72. Qd6+ {[%clk 0:05:12]} Kb7 {[%clk 0:02:14]} 73. Qxb4+
{[%clk 0:05:26]} Kc7 {[%clk 0:02:36]} 74. Qd6+ {[%clk 0:05:32]} Kb7
{[%clk 0:02:57]} 75. Qd7+ {[%clk 0:05:05]} Kb6 {[%clk 0:03:07]} 76. Qe6+
{[%clk 0:05:25]} Kb7 {[%clk 0:02:27]} 77. Qf7+ {[%clk 0:05:52]} Kb6
{[%clk 0:02:47]} 78. Qe6+ {[%clk 0:05:02]} Kb7 {[%clk 0:03:00]} 79. Qd5+
{[%clk 0:05:06]} Kb6 {[%clk 0:02:38]} 80. Qd4+ {[%clk 0:04:49]} Kc7
{[%clk 0:01:01]} 81. Qc5+ {[%clk 0:05:03]} Kd7 {[%clk 0:00:54]} 82. Qd6+
{[%clk 0:05:27]} Ke8 {[%clk 0:00:56]} 83. Qe6+ {[%clk 0:05:50]} Kd8
{[%clk 0:01:14]} 84. Qf6+ {[%clk 0:04:25]} Kc7 {[%clk 0:01:05]} 85. Qe7+
{[%clk 0:04:17]} Kc6 {[%clk 0:01:11]} 86. Qd6+ {[%clk 0:03:38]} Kb7
{[%clk 0:01:34]} 87. Qd3 {[%clk 0:02:53]} Qg1 {[%clk 0:01:00]} 88. e6
{[%clk 0:02:45]} h2 {[%clk 0:00:43]} 89. Qe4+ {[%clk 0:02:50]} Kc7
{[%clk 0:01:00]} 90. e7 {[%clk 0:02:59]} h1=Q {[%clk 0:01:04]} 91. Qxh1
{[%clk 0:03:24]} Qxh1 {[%clk 0:01:31]} 92. e8=Q {[%clk 0:03:49]} Qf3
{[%clk 0:01:50]} 93. Qe5+ {[%clk 0:04:07]} Kc6 {[%clk 0:02:13]} 94. Kb2
{[%clk 0:04:22]} Kb6 {[%clk 0:02:38]} 95. b4 {[%clk 0:03:42]} Kb7
{[%clk 0:02:59]} 96. c3 {[%clk 0:03:24]} Qd1 {[%clk 0:03:10]} 97. Qe4+
{[%clk 0:02:25]} Kc7 {[%clk 0:03:36]} 98. c4 {[%clk 0:01:30]} Qd2+
{[%clk 0:03:58]} 99. Kb3 {[%clk 0:01:36]} Qd1+ {[%clk 0:04:19]} 100. Qc2
{[%clk 0:01:44]} Qf3+ {[%clk 0:04:40]} 101. Qc3 {[%clk 0:02:10]} Qd1+
{[%clk 0:05:08]} 102. Ka3 {[%clk 0:02:22]} Qf3 {[%clk 0:05:34]} 103. Kb2
{[%clk 0:02:22]} Qe2+ {[%clk 0:05:43]} 104. Kb1 {[%clk 0:02:02]} Qd1+
{[%clk 0:06:00]} 105. Ka2 {[%clk 0:01:26]} Qe2+ {[%clk 0:06:25]} 106. Kb3
{[%clk 0:01:20]} Qd1+ {[%clk 0:06:48]} 107. Ka2 {[%clk 0:00:57]} Qe2+
{[%clk 0:07:13]} 108. Qb2 {[%clk 0:01:04]} Qxc4+ {[%clk 0:07:31]} 109. Qb3
{[%clk 0:01:34]} Qe2+ {[%clk 0:07:44]} 110. Ka3 {[%clk 0:01:48]} Kb6
{[%clk 0:07:47]} 111. Qc3 {[%clk 0:02:00]} Qf3 {[%clk 0:08:02]} 112. Kb2
{[%clk 0:02:24]} Qg2+ {[%clk 0:08:06]} 113. Kc1 {[%clk 0:02:44]} Qf1+
{[%clk 0:08:08]} 114. Kd2 {[%clk 0:02:49]} Qf2+ {[%clk 0:07:12]} 115. Kd1
{[%clk 0:03:09]} Qf1+ {[%clk 0:07:18]} 1/2-1/2

[Event "World Team Chess Championship"]
[Site "Khanty-Mansiysk, RUS."]
[Date "2017.06.21"]
[Round "5.3"]
[White "Akobian Varuzhan (USA)"]
[Black "Stupak Kirill (BLR)"]
[Result "1/2-1/2"]
[BlackElo "2564"]
[WhiteElo "2673"]
[LiveChessVersion "1.4.8"]

1. d4 {[%clk 1:30:54]} Nf6 {[%clk 1:30:58]} 2. c4 {[%clk 1:31:06]} b6
{[%clk 1:31:26]} 3. Nc3 {[%clk 1:28:01]} Bb7 {[%clk 1:31:49]} 4. Bg5
{[%clk 1:25:35]} e6 {[%clk 1:24:57]} 5. e3 {[%clk 1:21:29]} Be7 {[%clk 1:15:20]}
6. Nf3 {[%clk 1:20:48]} Ne4 {[%clk 1:13:58]} 7. Nxe4 {[%clk 1:19:45]} Bxe4
{[%clk 1:14:15]} 8. h4 {[%clk 1:14:06]} Bxg5 {[%clk 1:01:29]} 9. Nxg5
{[%clk 1:02:07]} Bb7 {[%clk 1:01:37]} 10. d5 {[%clk 0:56:51]} Qe7
{[%clk 0:54:28]} 11. Qd2 {[%clk 0:51:29]} Na6 {[%clk 0:52:38]} 12. Rd1
{[%clk 0:48:12]} h6 {[%clk 0:41:42]} 13. Nf3 {[%clk 0:44:05]} Nc5
{[%clk 0:41:31]} 14. Be2 {[%clk 0:41:25]} a5 {[%clk 0:38:47]} 15. d6
{[%clk 0:28:21]} cxd6 {[%clk 0:36:33]} 16. Qxd6 {[%clk 0:28:24]} Qxd6
{[%clk 0:36:23]} 17. Rxd6 {[%clk 0:28:51]} Bc6 {[%clk 0:36:20]} 18. Ne5
{[%clk 0:27:30]} Ke7 {[%clk 0:35:19]} 19. Rd2 {[%clk 0:27:19]} Rhd8
{[%clk 0:27:22]} 20. Nxc6+ {[%clk 0:19:20]} dxc6 {[%clk 0:27:46]} 21. f3
{[%clk 0:15:26]} a4 {[%clk 0:25:42]} 22. a3 {[%clk 0:11:57]} Nb3 {[%clk 0:20:44]}
23. Rd1 {[%clk 0:12:01]} f5 {[%clk 0:14:57]} 24. Kf2 {[%clk 0:11:35]} Nd2
{[%clk 0:14:24]} 25. Ke1 {[%clk 0:09:46]} Nb3 {[%clk 0:14:48]} 26. Kf2
{[%clk 0:10:08]} e5 {[%clk 0:11:48]} 27. f4 {[%clk 0:05:24]} Nd2 {[%clk 0:05:36]}
28. fxe5 {[%clk 0:05:36]} Ra5 {[%clk 0:04:05]} 29. Ke1 {[%clk 0:01:16]} Nb3
{[%clk 0:02:35]} 30. Rxd8 {[%clk 0:01:20]} Kxd8 {[%clk 0:03:03]} 31. Rh3
{[%clk 0:00:37]} Rxe5 {[%clk 0:02:01]} 32. Rg3 {[%clk 0:01:06]} Re7
{[%clk 0:02:05]} 33. Kf2 {[%clk 0:00:36]} Nc5 {[%clk 0:02:08]} 34. Rg6
{[%clk 0:00:39]} Kc7 {[%clk 0:00:49]} 35. h5 {[%clk 0:00:37]} Nd7
{[%clk 0:00:40]} 36. Rg3 {[%clk 0:00:36]} Ne5 {[%clk 0:00:54]} 37. Rh3
{[%clk 0:00:32]} Kd6 {[%clk 0:00:56]} 38. Rh4 {[%clk 0:00:56]} Ke6
{[%clk 0:00:40]} 39. Rd4 {[%clk 0:00:48]} Rd7 {[%clk 0:00:46]} 40. Kg3
{[%clk 0:00:10]} c5 {[%clk 0:30:34]} 41. Rxd7 Kxd7 {[%clk 0:29:25]} 42. Kf4
{[%clk 0:26:02]} Ke6 {[%clk 0:29:02]} 43. g3 {[%clk 0:11:29]} g5#
{[%clk 0:21:34]} 44. hxg6 {[%clk 0:11:53]} Nxg6+ {[%clk 0:22:01]} 45. Kf3
{[%clk 0:12:17]} Ne5+ {[%clk 0:22:06]} 46. Kf4 {[%clk 0:12:17]} Ng6+
{[%clk 0:20:42]} 47. Kf3 {[%clk 0:12:33]} Ne5+ {[%clk 0:21:06]} 48. Kf4
{[%clk 0:10:30]} Ng6+ {[%clk 0:21:31]} 49. Kf3 {[%clk 0:10:54]} 1/2-1/2

[Event "World Team Chess Championship"]
[Site "Khanty-Mansiysk, RUS."]
[Date "2017.06.21"]
[Round "5.4"]
[White "Fedorov Alexei (BLR)"]
[Black "Robson Ray (USA)"]
[Result "1/2-1/2"]
[BlackElo "2656"]
[WhiteElo "2598"]
[LiveChessVersion "1.4.8"]

1. e4 {[%clk 1:30:57]} c5 {[%clk 1:30:46]} 2. Ne2 {[%clk 1:31:12]} Nf6
{[%clk 1:30:43]} 3. Nbc3 {[%clk 1:31:32]} d6 {[%clk 1:30:45]} 4. g3
{[%clk 1:31:27]} g6 {[%clk 1:30:29]} 5. d4 {[%clk 1:31:24]} cxd4 {[%clk 1:30:10]}
6. Nxd4 {[%clk 1:31:46]} Bg7 {[%clk 1:30:14]} 7. Bg2 {[%clk 1:31:59]} O-O
{[%clk 1:30:18]} 8. h3 {[%clk 1:30:07]} Nc6 {[%clk 1:26:43]} 9. Be3
{[%clk 1:30:27]} Bd7 {[%clk 1:25:11]} 10. O-O {[%clk 1:28:17]} Ne5
{[%clk 1:17:43]} 11. Nde2 {[%clk 1:00:29]} Qc8 {[%clk 0:59:31]} 12. Kh2
{[%clk 0:50:14]} b5 {[%clk 0:57:56]} 13. a3 {[%clk 0:49:29]} Re8 {[%clk 0:48:53]}
14. Qc1 {[%clk 0:37:01]} a5 {[%clk 0:44:27]} 15. Nd5 {[%clk 0:35:01]} Nxd5
{[%clk 0:39:15]} 16. exd5 {[%clk 0:35:26]} b4 {[%clk 0:37:14]} 17. axb4
{[%clk 0:28:59]} axb4 {[%clk 0:36:14]} 18. Rxa8 {[%clk 0:29:10]} Qxa8
{[%clk 0:36:36]} 19. b3 {[%clk 0:29:25]} Bb5 {[%clk 0:19:14]} 20. Re1
{[%clk 0:29:13]} Rc8 {[%clk 0:15:34]} 21. Qd1 {[%clk 0:22:50]} Bxe2
{[%clk 0:14:26]} 22. Rxe2 {[%clk 0:22:56]} Qa6 {[%clk 0:13:17]} 1/2-1/2

[Event "World Team Chess Championship"]
[Site "Khanty-Mansiysk, RUS."]
[Date "2017.06.21"]
[Round "5.6"]
[White "Adhiban B. (IND)"]
[Black "Fawzy Adham (EGY)"]
[Result "1-0"]
[BlackElo "2418"]
[WhiteElo "2670"]
[LiveChessVersion "1.4.8"]

1. e4 {[%clk 1:30:57]} c5 {[%clk 1:30:54]} 2. Nf3 {[%clk 1:31:23]} Nc6
{[%clk 1:31:11]} 3. d4 {[%clk 1:31:29]} cxd4 {[%clk 1:31:38]} 4. Nxd4
{[%clk 1:31:53]} e5 {[%clk 1:32:03]} 5. Nb5 {[%clk 1:32:06]} d6 {[%clk 1:32:31]}
6. N1c3 {[%clk 1:32:07]} a6 {[%clk 1:32:57]} 7. Na3 {[%clk 1:32:28]} b5
{[%clk 1:33:25]} 8. Nd5 {[%clk 1:32:47]} Nge7 {[%clk 1:33:52]} 9. Bd3
{[%clk 1:32:42]} Nxd5 {[%clk 1:32:40]} 10. exd5 {[%clk 1:33:10]} Ne7
{[%clk 1:33:09]} 11. c4 {[%clk 1:33:21]} g6 {[%clk 1:33:37]} 12. cxb5
{[%clk 1:33:06]} Bg7 {[%clk 1:34:04]} 13. O-O {[%clk 1:33:26]} O-O
{[%clk 1:34:30]} 14. Re1 {[%clk 1:33:50]} Bb7 {[%clk 1:27:50]} 15. bxa6
{[%clk 1:29:02]} Bxd5 {[%clk 1:25:08]} 16. Bf1 {[%clk 1:27:48]} Be6
{[%clk 1:18:46]} 17. b4 {[%clk 1:21:24]} d5 {[%clk 1:05:08]} 18. b5
{[%clk 1:20:07]} e4 {[%clk 1:01:01]} 19. Rb1 {[%clk 1:14:44]} Qb6
{[%clk 0:58:11]} 20. Nc2 {[%clk 0:47:49]} Nf5 {[%clk 0:50:26]} 21. a4
{[%clk 0:48:13]} Rac8 {[%clk 0:33:07]} 22. Bd2 {[%clk 0:45:49]} Be5
{[%clk 0:23:40]} 23. g3 {[%clk 0:42:34]} Rxc2 {[%clk 0:19:05]} 24. Qxc2
{[%clk 0:42:43]} Nd4 {[%clk 0:19:24]} 25. Qd1 {[%clk 0:42:52]} Nf3+
{[%clk 0:18:12]} 26. Qxf3 {[%clk 0:43:20]} exf3 {[%clk 0:18:40]} 27. Rxe5
{[%clk 0:43:40]} Rc8 {[%clk 0:12:35]} 28. Rxe6 {[%clk 0:37:29]} fxe6
{[%clk 0:01:24]} 29. a5 {[%clk 0:37:46]} Qd4 {[%clk 0:01:52]} 30. b6
{[%clk 0:37:44]} 1-0

[Event "World Team Chess Championship"]
[Site "Khanty-Mansiysk, RUS."]
[Date "2017.06.21"]
[Round "5.7"]
[White "Abdelnabbi Imed (EGY)"]
[Black "Karthikeyan Murali (IND)"]
[Result "1/2-1/2"]
[BlackElo "2582"]
[WhiteElo "2428"]
[LiveChessVersion "1.4.8"]

1. e4 {[%clk 1:30:58]} c5 {[%clk 1:30:48]} 2. Nf3 {[%clk 1:30:52]} d6
{[%clk 1:31:05]} 3. d4 {[%clk 1:31:45]} cxd4 {[%clk 1:31:27]} 4. Nxd4
{[%clk 1:32:12]} Nf6 {[%clk 1:31:46]} 5. f3 {[%clk 1:32:35]} e5 {[%clk 1:26:52]}
6. Bb5+ {[%clk 1:32:17]} Nbd7 {[%clk 1:23:58]} 7. Nf5 {[%clk 1:31:52]} d5
{[%clk 1:23:01]} 8. exd5 {[%clk 1:31:07]} a6 {[%clk 1:22:39]} 9. Ba4
{[%clk 1:24:54]} b5 {[%clk 1:15:36]} 10. Bb3 {[%clk 1:25:15]} Nc5
{[%clk 1:12:41]} 11. Ne3 {[%clk 1:25:25]} Nxb3 {[%clk 1:11:12]} 12. axb3
{[%clk 1:25:46]} Bc5 {[%clk 1:11:28]} 13. c4 {[%clk 1:25:34]} O-O
{[%clk 1:06:35]} 14. Nc3 {[%clk 1:20:29]} Qb6 {[%clk 0:56:15]} 15. Qe2
{[%clk 1:20:02]} Nh5 {[%clk 0:47:29]} 16. Nc2 {[%clk 1:10:02]} bxc4
{[%clk 0:22:23]} 17. Na4 {[%clk 1:00:22]} Qb8 {[%clk 0:19:29]} 18. Nxc5
{[%clk 1:00:36]} cxb3 {[%clk 0:19:40]} 19. O-O {[%clk 0:57:19]} bxc2
{[%clk 0:19:47]} 20. Qxc2 {[%clk 0:57:41]} Nf6 {[%clk 0:16:56]} 21. Rd1
{[%clk 0:57:57]} Nd7 {[%clk 0:14:42]} 22. Be3 {[%clk 0:55:22]} Nxc5
{[%clk 0:13:37]} 23. Bxc5 {[%clk 0:55:09]} Re8 {[%clk 0:13:28]} 24. b4
{[%clk 0:53:55]} Bd7 {[%clk 0:12:57]} 25. d6 {[%clk 0:51:28]} Qb5
{[%clk 0:10:39]} 26. Ra5 {[%clk 0:51:09]} Qb7 {[%clk 0:10:41]} 27. Qe4
{[%clk 0:47:01]} Bc6 {[%clk 0:09:03]} 28. Qe3 {[%clk 0:47:11]} Bd7
{[%clk 0:08:17]} 29. h3 {[%clk 0:42:41]} h6 {[%clk 0:08:18]} 30. Kh2
{[%clk 0:42:44]} Re6 {[%clk 0:05:44]} 31. Rda1 {[%clk 0:40:17]} Bb5
{[%clk 0:04:59]} 32. Qe4 {[%clk 0:39:39]} Rb8 {[%clk 0:01:45]} 33. Qxb7
{[%clk 0:35:32]} Rxb7 {[%clk 0:02:14]} 34. Rxa6 {[%clk 0:32:29]} Bxa6
{[%clk 0:02:43]} 35. Rxa6 {[%clk 0:32:47]} Re8 {[%clk 0:02:16]} 36. Rc6
{[%clk 0:32:29]} Rd8 {[%clk 0:01:04]} 37. Rc7 {[%clk 0:31:34]} Rd7
{[%clk 0:01:17]} 38. Rc8+ {[%clk 0:31:36]} Kh7 {[%clk 0:01:45]} 39. Kg3
{[%clk 0:28:54]} Kg6 {[%clk 0:02:00]} 40. Kf2 {[%clk 0:59:07]} Kf6
{[%clk 0:30:34]} 41. Re8 {[%clk 0:52:32]} Kg6 {[%clk 0:24:49]} 42. Rxe5
{[%clk 0:51:31]} f6 {[%clk 0:23:29]} 43. Re2 {[%clk 0:51:47]} Rd8
{[%clk 0:22:56]} 44. Ke1 {[%clk 0:47:57]} Kf7 {[%clk 0:22:47]} 45. Kd2
{[%clk 0:48:01]} Re8 {[%clk 0:21:12]} 46. Rf2 {[%clk 0:48:29]} Ke6
{[%clk 0:21:00]} 47. Kc3 {[%clk 0:48:42]} Kd7 {[%clk 0:21:05]} 48. Kc4
{[%clk 0:46:12]} Re1 {[%clk 0:19:42]} 49. Ra2 {[%clk 0:46:01]} Rc1+
{[%clk 0:19:27]} 50. Kd5 {[%clk 0:45:47]} Rd1+ {[%clk 0:19:42]} 51. Ke4
{[%clk 0:45:39]} Ke6 {[%clk 0:19:04]} 52. Ra8 {[%clk 0:43:26]} f5+
{[%clk 0:16:14]} 53. Ke3 {[%clk 0:43:04]} Re1+ {[%clk 0:12:01]} 54. Kf2
{[%clk 0:39:30]} Rb1 {[%clk 0:10:29]} 55. Re8+ {[%clk 0:38:20]} Kf7
{[%clk 0:10:40]} 56. Re2 {[%clk 0:35:11]} g5 {[%clk 0:07:12]} 57. Rd2
{[%clk 0:30:26]} Ke6 {[%clk 0:07:20]} 58. Kg3 {[%clk 0:29:07]} h5
{[%clk 0:06:49]} 59. Re2+ {[%clk 0:29:04]} Kf7 {[%clk 0:06:21]} 60. Re5
{[%clk 0:29:14]} Kf6 {[%clk 0:05:23]} 61. Re8 {[%clk 0:28:45]} f4+
{[%clk 0:05:29]} 62. Kh2 {[%clk 0:29:02]} g4 {[%clk 0:03:37]} 63. Rf8+
{[%clk 0:12:28]} Ke5 {[%clk 0:03:57]} 64. g3 {[%clk 0:12:22]} Rb2+
{[%clk 0:03:40]} 65. Kg1 {[%clk 0:11:40]} Rb1+ {[%clk 0:03:48]} 66. Kh2
{[%clk 0:11:42]} Rb2+ {[%clk 0:03:02]} 67. Kg1 {[%clk 0:12:06]} Rb1+ 1/2-1/2

[Event "World Team Chess Championship"]
[Site "Khanty-Mansiysk, RUS."]
[Date "2017.06.21"]
[Round "5.8"]
[White "Negi Parimarjan (IND)"]
[Black "Farahat Ali (EGY)"]
[Result "1/2-1/2"]
[BlackElo "2402"]
[WhiteElo "2670"]
[LiveChessVersion "1.4.8"]

1. e4 {[%clk 1:30:40]} c5 {[%clk 1:30:55]} 2. Nf3 {[%clk 1:30:59]} Nc6
{[%clk 1:29:26]} 3. Bb5 {[%clk 1:30:37]} g6 {[%clk 1:27:17]} 4. O-O
{[%clk 1:28:30]} Bg7 {[%clk 1:27:39]} 5. Bxc6 {[%clk 1:28:12]} dxc6
{[%clk 1:27:36]} 6. d3 {[%clk 1:28:25]} Nf6 {[%clk 1:27:29]} 7. Nc3
{[%clk 1:24:35]} O-O {[%clk 1:25:47]} 8. a4 {[%clk 1:24:51]} a5 {[%clk 1:25:27]}
9. h3 {[%clk 1:23:37]} b6 {[%clk 1:24:18]} 10. Be3 {[%clk 1:18:40]} Ne8
{[%clk 1:09:54]} 11. Qd2 {[%clk 1:12:21]} e5 {[%clk 1:06:37]} 12. Bh6
{[%clk 1:09:41]} f6 {[%clk 1:06:46]} 13. Nh2 {[%clk 1:04:48]} Ra7
{[%clk 1:05:55]} 14. Kh1 {[%clk 1:03:36]} g5 {[%clk 1:03:44]} 15. Bxg7
{[%clk 1:03:31]} Nxg7 {[%clk 1:04:00]} 16. Ne2 {[%clk 0:57:01]} h5
{[%clk 0:57:09]} 17. h4 {[%clk 0:40:31]} Ne6 {[%clk 0:50:27]} 18. g3
{[%clk 0:38:34]} f5 {[%clk 0:47:23]} 19. exf5 {[%clk 0:27:17]} Rxf5
{[%clk 0:46:39]} 20. hxg5 {[%clk 0:26:44]} Nxg5 {[%clk 0:45:09]} 21. Nc3
{[%clk 0:26:45]} Be6 {[%clk 0:36:14]} 22. Qe3 {[%clk 0:26:14]} Qd4
{[%clk 0:35:21]} 23. Rae1 {[%clk 0:23:30]} Raf7 {[%clk 0:34:39]} 24. f3
{[%clk 0:17:55]} Kh7 {[%clk 0:24:52]} 25. Kg2 {[%clk 0:15:34]} Rg7
{[%clk 0:13:06]} 26. Kh1 {[%clk 0:15:06]} Rgf7 {[%clk 0:13:25]} 27. Qe2
{[%clk 0:12:23]} c4 {[%clk 0:13:12]} 28. Ne4 {[%clk 0:07:23]} cxd3
{[%clk 0:13:03]} 29. cxd3 {[%clk 0:06:50]} 1/2-1/2

[Event "World Team Chess Championship"]
[Site "Khanty-Mansiysk, RUS."]
[Date "2017.06.21"]
[Round "5.10"]
[White "Yu Yangyi (CHN)"]
[Black "Yilmaz Mustafa (TUR)"]
[Result "1/2-1/2"]
[BlackElo "2630"]
[WhiteElo "2749"]
[LiveChessVersion "1.4.8"]

1. Nf3 {[%clk 1:30:51]} Nf6 {[%clk 1:30:31]} 2. c4 {[%clk 1:30:47]} e6
{[%clk 1:30:12]} 3. g3 {[%clk 1:30:54]} d5 {[%clk 1:28:33]} 4. d4
{[%clk 1:30:55]} Bb4+ {[%clk 1:28:51]} 5. Nbd2 {[%clk 1:28:55]} dxc4
{[%clk 1:23:50]} 6. Bg2 {[%clk 1:28:59]} b5 {[%clk 1:22:14]} 7. a4
{[%clk 1:23:04]} c6 {[%clk 1:21:11]} 8. O-O {[%clk 1:21:09]} a5 {[%clk 1:20:06]}
9. Qc2 {[%clk 1:12:17]} O-O {[%clk 1:16:22]} 10. b3 {[%clk 1:11:26]} c3
{[%clk 1:15:28]} 11. Nb1 {[%clk 1:10:48]} bxa4 {[%clk 1:15:19]} 12. bxa4
{[%clk 1:06:26]} Bb7 {[%clk 0:58:30]} 13. Nxc3 {[%clk 1:05:25]} c5
{[%clk 0:52:47]} 14. dxc5 {[%clk 0:56:12]} Nbd7 {[%clk 0:47:37]} 15. Rd1
{[%clk 0:46:57]} Qe7 {[%clk 0:41:10]} 16. Nb5 {[%clk 0:37:14]} 1/2-1/2

[Event "World Team Chess Championship"]
[Site "Khanty-Mansiysk, RUS."]
[Date "2017.06.21"]
[Round "5.12"]
[White "Li Chao B (CHN)"]
[Black "Sanal Vahap (TUR)"]
[Result "1/2-1/2"]
[BlackElo "2533"]
[WhiteElo "2720"]
[LiveChessVersion "1.4.8"]

1. d4 {[%clk 1:30:55]} Nf6 {[%clk 1:30:51]} 2. c4 {[%clk 1:31:16]} e6
{[%clk 1:31:08]} 3. Nc3 {[%clk 1:31:34]} Bb4 {[%clk 1:31:25]} 4. f3
{[%clk 1:31:55]} O-O {[%clk 1:31:17]} 5. a3 {[%clk 1:32:00]} Bxc3+
{[%clk 1:31:26]} 6. bxc3 {[%clk 1:32:25]} b6 {[%clk 1:31:24]} 7. e4
{[%clk 1:30:52]} Ne8 {[%clk 1:31:36]} 8. Bd3 {[%clk 1:26:26]} Nc6
{[%clk 1:29:45]} 9. e5 {[%clk 1:24:13]} f5 {[%clk 1:24:38]} 10. Nh3
{[%clk 1:17:32]} Ba6 {[%clk 1:24:11]} 11. O-O {[%clk 1:17:29]} Na5
{[%clk 1:18:22]} 12. Qe2 {[%clk 1:15:44]} d5 {[%clk 1:05:50]} 13. Bg5
{[%clk 1:07:50]} Qd7 {[%clk 0:57:44]} 14. cxd5 {[%clk 1:08:10]} Bxd3
{[%clk 0:58:04]} 15. Qxd3 {[%clk 1:08:30]} exd5 {[%clk 0:56:55]} 16. Rae1
{[%clk 1:07:58]} h6 {[%clk 0:55:45]} 17. e6 {[%clk 0:54:39]} Qd6 {[%clk 0:55:21]}
18. Bc1 {[%clk 0:55:02]} g5 {[%clk 0:53:31]} 19. g4 {[%clk 0:44:20]} Ng7
{[%clk 0:47:31]} 20. f4 {[%clk 0:44:26]} fxg4 {[%clk 0:36:32]} 21. Qg6
{[%clk 0:44:24]} Qe7 {[%clk 0:31:34]} 22. fxg5 {[%clk 0:44:43]} Rxf1+
{[%clk 0:29:24]} 23. Rxf1 {[%clk 0:44:49]} Qxe6 {[%clk 0:29:04]} 24. Nf4
{[%clk 0:45:16]} Qxg6 {[%clk 0:28:36]} 25. Nxg6 {[%clk 0:45:44]} hxg5
{[%clk 0:22:02]} 26. Ne7+ {[%clk 0:45:31]} Kh7 {[%clk 0:22:25]} 27. Bxg5
{[%clk 0:44:51]} Nc4 {[%clk 0:15:47]} 28. Rf6 {[%clk 0:45:00]} Ne8
{[%clk 0:16:13]} 29. Rf7+ {[%clk 0:45:23]} Kh8 {[%clk 0:16:41]} 30. a4
{[%clk 0:39:30]} Ncd6 {[%clk 0:15:09]} 31. Rf1 {[%clk 0:28:57]} Kg7
{[%clk 0:11:35]} 32. Nxd5 {[%clk 0:27:56]} Nf7 {[%clk 0:09:05]} 33. Be7
{[%clk 0:27:34]} c6 {[%clk 0:07:29]} 34. Nf4 {[%clk 0:20:15]} Nc7
{[%clk 0:07:03]} 35. c4 {[%clk 0:12:22]} Re8 {[%clk 0:07:26]} 36. Bh4
{[%clk 0:12:48]} Re4 {[%clk 0:04:47]} 37. Nh5+ {[%clk 0:11:09]} Kf8
{[%clk 0:04:11]} 38. Bg3 {[%clk 0:38:15]} Ne8 {[%clk 0:04:02]} 39. Be5
{[%clk 0:08:20]} Re3 {[%clk 0:03:18]} 40. Bb8 {[%clk 0:37:37]} a6
{[%clk 0:30:45]} 41. d5 {[%clk 0:27:40]} cxd5 {[%clk 0:29:43]} 42. cxd5
{[%clk 0:28:02]} Ke7 {[%clk 0:27:07]} 43. Rb1 {[%clk 0:28:00]} Ne5
{[%clk 0:23:09]} 44. Rxb6 {[%clk 0:21:44]} Nd7 {[%clk 0:22:19]} 45. Rb7
{[%clk 0:18:48]} Nd6 {[%clk 0:19:37]} 46. Ra7 {[%clk 0:17:12]} Nc8
{[%clk 0:17:37]} 47. Ra8 {[%clk 0:13:20]} Nxb8 {[%clk 0:04:33]} 48. Rxb8
{[%clk 0:13:45]} Nd6 {[%clk 0:04:52]} 49. Ra8 {[%clk 0:13:57]} Ne4
{[%clk 0:04:04]} 50. Nf4 {[%clk 0:07:26]} Ra3 {[%clk 0:04:10]} 51. Ng6+
{[%clk 0:04:39]} Kd6 {[%clk 0:04:03]} 52. Rxa6+ {[%clk 0:03:53]} Kxd5
{[%clk 0:04:28]} 1/2-1/2